L' Hérault: richesses de France

Gardado en:
Detalles Bibliográficos
Formato: Libro
Idioma:francés
Publicado: París Conseil General de l'Herault 1966
Subjects:
Tags: Engadir etiqueta
Sen Etiquetas, Sexa o primeiro en etiquetar este rexistro!

MARC

LEADER 00000nam a2200000 a 4500
001 UCT0299
003 CL-VaPUC
008 960830e19660000FR |||||||||||||||||fre|d
082 0 4 |a 914.4  |b LHE  |2 21 
245 1 3 |a L' Hérault: richesses de France 
300 |a 145 p 
942 |c BK 
945 |d 19960830 00:00:00  |a rleighto 
260 |a París  |b Conseil General de l'Herault  |c 1966 
650 0 |a Geografía  |9 259346 
650 0 |a Ciudades  |9 265474 
650 0 |a Arquitectura  |9 804558 
650 0 |a Monumentos  |9 265246 
650 7 |a CONSTRUCCIONES  |2 CL-VaPUC  |9 262690 
650 0 |a Paisajes  |9 344660 
650 0 |a Museos  |9 269209 
651 7 |a L'HERAULT  |2 CL-VaPUC  |9 368931 
651 0 |a Francia  |9 255157 
583 |a last modification  |c 19960830 00:00:00  |k Rodrigo Vera 
999 |c 251338  |d 251336 
952 |0 0  |1 0  |4 0  |6 914_400000000000000_LHE_1966  |7 0  |8 A  |9 270442  |a BIBARQ  |b BIBARQ  |d 2019-11-19  |i 3223337  |o 914.4 LHE 1966  |p 3223337  |r 2025-01-20  |w 2019-11-19  |y BK  |k ARQ